Statistics for Borders between Small Countries

Click here to take the quiz!

General Stats

  • This quiz has been taken 114 times
  • The average score is 34 of 40

Answer Stats

COUNTRY A% Correct
Albania
94%
Albania
94%
Albania
94%
Croatia
93%
Croatia
93%
Kosovo
93%
Kosovo
93%
Kosovo
93%
Kosovo
93%
Montenegro
93%
Montenegro
93%
Montenegro
93%
Montenegro
93%
Montenegro
93%
Serbia
93%
Serbia
93%
Austria
92%
Austria
92%
Bosnia and Herzegovina
92%
Liechtenstein
92%
Liechtenstein
92%
Macedonia
92%
Macedonia
92%
Slovenia
92%
Slovenia
92%
Switzerland
90%
Belgium
80%
Belgium
80%
Luxembourg
80%
Netherlands
76%
Dominican Republic
75%
Haiti
75%
Burundi
69%
Rwanda
69%
Israel
67%
Lebanon
66%
Qatar
66%
United Arab Emirates
66%
Armenia
61%
Georgia
61%

Score Distribution

Percentile by Number Answered

Percent of People with Each Score

Your Score History

You have not taken this quiz